000 00681nam a2200289Ia 4500
005 20260324122405.0
008 008 260324s9999 xx 000 0 eng d
020 _a9781315605272
037 _aEBOOK
040 _aCRL
040 _beng
040 _cCRL
041 _2eng
041 _aeng
084 _qCRL
100 _aGary A. Schmidt
_91166259
245 0 _aRenaissance Hybrids
245 0 _bCulture and Genre in Early Modern England
260 _bTaylor and Francis
260 _c2013
365 _a
365 _b240
856 _uhttp://www.taylorfrancis.com/books/9781315605272
942 _cEBOOK
999 _c1758971
_d1758971